Questionário Histórico Geral - Statistics

Estatísticas Gerais
  • Esse quiz foi jogado 296 vezes
  • A pontuação média é 10 de 16
Estatísticas das Respostas
Questão Resposta % Correto
Sob a ótica eurocêntrica do século XV e XVI, os nativos americanos foram vistos inicialmente como Selvagens
86%
Presidente que não fez parte da Ditadura Civil-Militar: Floriano Peixoto
84%
Lei que acabou com a escravidão constitucionalmente no Brasil, em 1888. Lei Áurea
84%
O atual presidente chinês se chama Xi Jinping
84%
Qual dessas ilhas não está localizada na Oceania? Dominica
82%
Qual desses países tem a menor área? Suíça
77%
Elemento químico de massa atômica 238, número atômico 92 e relacionado à bombas atômicas: Urânio
75%
País que resistiu às investidas militares americanas, durante a Guerra Fria, expulsando os invasores americanos de seu território: Vietnã
73%
A Queda da Bastilha, evento estopim para a Revolução Francesa, ocorreu em qual data? 14 de Julho de 1789
64%
Qual dessas personalidades é estadunidense? Taylor Swift
64%
"Superfície elevada e plana, ou com poucas ondulações, entalhada por vales encaixados, o que supõe uma certa altitude acima do nível do mar" Se refere a que? Planalto
63%
Em qual desses anos houve uma eleição presidencial nos EUA? 2000
54%
Símbolo populista latino e importante símbolo político de seu país, estamos falando de Juan Domingo Perón
54%
Qual dessas frases históricas apresenta um autor incorreto? "A maior glória de viver não está em nunca cair, mas em nos levantar toda vez que caímos" - Gandhi
36%
Qual desses presidentes brasileiros não nasceu no Brasil continental, mas sim no Oceano Atlântico? Itamar Franco
36%
Um importante e notório escritor da Era Vitoriana (1837-1901) é Charles Dickens
29%
Nenhum quiz correspondente encontrado
Distribuição das Pontuações
Porcentagem de Pessoas com Cada Pontuação
Percentil de Números Respondidos
Sua Pontuação Histórica
Você não jogou esse quiz